000 01011nam a2200361Ia 4500
003 OSt
005 20220912144703.0
006 a|||||r|||| 00| 0
007 ta
008 220909b |||||||| |||| 00| 0 eng d
020 _a9781118318744 (pbk)
020 _aSL01561296
024 _a190392
037 _b258, 20/03/2014, N R Book Distributors
037 _cTextbook
040 _aCSL
_beng
_cCSL
041 _aeng
082 _aG11, N6;Q4;1 TI
100 _aKarp Gerald
245 0 _aCell biology
250 _a7
260 _aSingapore
_bJohn Wiley
_c2014
300 _axvi,783+v.p. col.ll.
500 _aGlossary G.1-G.20p.; Index I.1-I.37p.
650 _a Biological molecules
650 _a Cell biology
650 _a Cellular membranes
650 _aBotany
700 _aKarp Gerald
942 _hG11, N6;Q4;1 TI
_cTB
_2CC
999 _c15784
_d15784